| 000 | 01223nam a2200349 4500 | ||
|---|---|---|---|
| 003 | OSt | ||
| 005 | 20260530115257.0 | ||
| 008 | 260421b2017 mx a|||| |||| 00| 0 spa d | ||
| 020 | _a9786079489250 | ||
| 020 | _a9786077456698 | ||
| 040 |
_aICI _bspa _cICI |
||
| 041 | 0 | _aspa | |
| 041 | 0 | _aeng | |
| 050 |
_aNK2715 _bS555 |
||
| 100 | 1 |
_aAna Elena Mallet _930606 |
|
| 245 | 1 | 0 |
_aSilla Mexicana _bMexican chair _ctextos = texts, Ana Elena Mallet, Jorge F. Rivas Pérez ; fotografía = photography, Jorge Vértiz ; traducción = translation, Quentin Pope |
| 246 | 3 | 1 | _a Mexican chair |
| 250 | _aPrimera edición = first edition | ||
| 264 | 1 |
_bArquine _bSecretaría de Cultura _c2017 _aCiudad de México |
|
| 300 |
_a262 páginas _b ilustraciones (principalmente a color) |
||
| 336 |
_atexto _2rdacontent |
||
| 337 |
_asin medio _2rdamedia |
||
| 338 |
_avolumen _2rdacarrier |
||
| 500 | _a Incluye un catálogo de obras de arte | ||
| 650 | 4 |
_aSillas _zMéxico _930607 |
|
| 650 | 4 |
_aDiseño de muebles _zMéxico _930608 |
|
| 700 | 1 |
_aMallet, Ana Elena, _eautor |
|
| 700 | 1 |
_aRivas, Jorge, _eautor _93332 |
|
| 700 | 1 |
_aPope, Quentin, _e traductor _930609 |
|
| 700 | 1 |
_a Vértiz, Jorge, _efotógrafo |
|
| 942 |
_2lcc _cBK _n1 |
||
| 999 |
_c12649 _d12649 |
||